000 01490nam a22003737a 4500
001 363
003 FISKH
005 20230329111916.0
008 230329b cb ||||| |||| 00| 0 eng d
020 _a9781407120690 (pbk.)
040 _aDLC
_beng
_cDLC
_erda
_dFISKH
042 _apcc
050 0 0 _aPZ7.P55223
_bBri 2012
082 0 4 _a823.92
_222
100 1 _aPichon, Liz.
245 1 4 _aThe brilliant world of Tom Gates /
_cby Liz Pichon.
264 1 _aLondon :
_bScholastic.
_c2011.
300 _a238 pages :
_bill. ;
_c20 cm
336 _atext
_2rdacontent
336 _astill image
_2rdacontent
337 _aunmediated
_2rdamedia
338 _avolume
_2rdacarrier
505 _aM
520 _aTom Gates is the master of excuses for late homework: dog attacks, spilt water, lightening ... Tom's exercise book is full of his doodles, cartoons and thoughts, as well as comments from his long-suffering teacher, Mr Fullerton. After gaining five merits for his 'Camping Sucks' holiday story, Tom's work starts to go downhill, which is a pity, as he's desperate to impress Amy Porter, who sits next to him ...
521 8 _a650
_bLexile
521 8 _aM
_bRaz-Plus
650 0 _aBoys
_vJuvenile fiction.
650 0 _aFamilies
_vJuvenile fiction.
650 0 _aSchool children
_vJuvenile fiction.
655 0 _aChildren's stories.
906 _a7
_bcbc
_corigres
_d2
_encip
_f20
_gy-gencatlg
942 _2ddc
_cBK
_n0
999 _c363
_d363